000 01026nam a22003257a 4500
003 CHAP
005 20220329134447.0
008 971013s1960 r 00010 d
010 _a20755
011 _a21727
035 _a25818
040 _cCHAP
090 _aTesis
100 0 0 _aCervantes Gudiño, José.
_921573
245 _aAmpliación del Distrito de riego del Mante
260 _aChapingo, Méx. :
_bEl autor,
_c1960
300 _a145 h.
_b: ilus.
502 _aTesis (Ing. Agr. Esp. en Irrigación) -- ENA
590 _aALEPH
_b10
_c20130110
_lUCH01
_h1244
590 _aBATCH-UPD
_b10
_c20130110
_lUCH01
_h2202
590 _aBATCH-UPD
_b10
_c20130410
_lUCH01
_h1509
590 _aBATCH-UPD
_b10
_c20130914
_lUCH01
_h1208
590 _aCONVERSION
_b10
_c20130109
_lUCH01
_h1312
650 1 4 _aDistrito de Riego El Mante Tamps.
_932888
901 _aBK
942 _cFOLL
949 _bBC
_cTES
_d-59654
_eTS1
_i25818
_si
949 _bBC
_cTES
_d-59656
_eTS2
_fc.2
_i25818
_si
949 _bBC
_cTES
_d-59658
_eTS2
_fc.3
_i25818
_si
999 _c20755
_d20755